000 01351cam a2200337Ki 4500
001 ocn948088741
003 TZ-ArACH
005 20220329124009.0
008 160427s2016 enka b 001 0 eng d
020 _a1903499879
_q(paperback)
020 _a9781903499870
_q(paperback)
029 1 _aNLGGC
_b408113065
035 _a(OCoLC)948088741
040 _cTZ-ArACH
049 _aTZAA
050 4 _aHD39
_b.J33 2016
100 1 _aJackson, Paul,
_eauthor.
245 1 0 _a101 models of procurement & supply chain management /
_cPaul Jackson, Barry Crocker & Ray Carter.
246 3 _aOne hundred one models of procurement and supply chain management
260 _aCambridge :
_bCambridge Academic,
_c2016.
300 _ai, 134 pages :
_billustrations ;
_c24 cm
504 _aIncludes bibliographical references (pages 124-126)
520 _aContains diverse and cross-functional models found to be of use when working within global organisations, delivering consultancy activities, or teaching procurement and supply chain subjects to international students.
650 0 _aIndustrial procurement.
650 0 _aBusiness logistics.
650 7 _aBusiness logistics.
_2fast
650 7 _aIndustrial procurement.
_2fast
700 1 _aCrocker, Barry,
_eauthor.
700 1 _aCarter, R. J.
_q(Raymond John),
_d1952-
_eauthor.
942 _2lcc
_cBOOK
999 _c6230
_d6230